Biggest Cities in Texas before the Civil War on a Map - Statistics

General Stats
  • This quiz has been taken 143 times
  • The average score is 14 of 50
Answers on the Map
Answers color-coded by a green-red scale on the quiz's map according to % correct below.
 
Answer Stats
Population City % Correct
4,845 Houston
100%
678 Dallas
97%
3,494 Austin
95%
8,235 San Antonio
95%
7,307 Galveston
84%
1,256 Laredo
80%
2,734 Brownsville
78%
1,021 Tyler
59%
749 Waco
59%
1,986 Victoria
40%
1,740 New Braunfels
39%
522 Eagle Pass
38%
523 McKinney
29%
485 Nacogdoches
29%
1,003 Paris
28%
613 Sherman
28%
1,200 Fredericksburg
27%
939 Huntsville
21%
1,212 Goliad
20%
1,938 Palestine
20%
753 Socorro
20%
988 Jefferson
19%
1,411 Marshall
19%
1,103 Gonzales
18%
856 Seguin
18%
439 Rio Grande City
16%
1,107 Bastrop
15%
597 Matagorda
14%
526 Lavaca
13%
920 Brenham
12%
505 Columbus
12%
705 Henderson
12%
621 Sulphur Springs
12%
769 Ysleta
12%
1,150 Indianola
11%
584 Liberty
11%
441 San Augustine
11%
815 La Grange
9%
512 Richmond
9%
479 Roma
9%
458 Castroville
8%
477 Bonham
7%
1,052 San Elizario
7%
511 San Jacinto
7%
677 Anderson
6%
609 Fairfield
6%
529 Gilmer
6%
1,863 Harrisburg
6%
644 Boston
4%
1,851 Lynchburg
4%
No matching quizzes found
Score Distribution
Percent of People with Each Score
Percentile by Number Answered
Your Score History
You have not taken this quiz